MARC

Tag First Indicator Second Indicator Subfields
LEADER 00000cam a2200000Ia 4500
001 in00002039521
005 20201031063021.0
006 m o d
007 cr un|||||||||
008 041015s2004 gw a ob 101 0 eng d
010 |a  2004112954 
015 |a 04,N39,0055  |2 dnb 
016 7 |a 972137858  |2 DE-101 
019 |a 456711186 
020 |a 3540233881  |q (pbk.) 
020 |a 9783540233886  |q (pbk.) 
028 5 2 |a 11318729 
035 |a (OCoLC)ocm56755454 
035 |a (OCoLC)56755454  |z (OCoLC)456711186 
040 |a OHX  |b eng  |c OHX  |d KKS  |d CUS  |d C$Q  |d OCLCQ  |d DLC  |d IXA  |d OCL  |d BAKER  |d NLGGC  |d LVB  |d YDXCP  |d BTCTA  |d UQ1  |d DEBBG  |d GW5XE  |d OCLCF  |d OCLCO  |d OCLCQ  |d QE2  |d UtOrBLW 
049 |a TXAM 
050 0 4 |a QA76.58  |b .N73 2004eb 
055 3 |a QA75  |b .L38 no.3222 
072 7 |a Q  |2 lcco 
082 0 0 |a 004/.35  |2 22 
084 |a 54.32  |2 bcl 
084 |a 54.51  |2 bcl 
084 |a DAT 250f  |2 stub 
084 |a DAT 516f  |2 stub 
084 |a SS 4800  |2 rvk 
111 2 |a NPC (Conference)  |n (1st :  |d 2004 :  |c Wuhan, China) 
245 1 0 |a Network and parallel computing :  |b IFIP international conference, NPC 2004, Wuhan, China, October 18-20, 2004 : proceedings /  |c Hai Jin [and others] (eds.). 
246 3 0 |a NPC 2004 
264 1 |a Berlin ;  |a New York :  |b Springer,  |c [2004] 
264 4 |c ©2004 
300 |a 1 online resource (xx, 694 pages) :  |b illustrations 
336 |a text  |b txt  |2 rdacontent 
337 |a computer  |b c  |2 rdamedia 
338 |a online resource  |b cr  |2 rdacarrier 
490 1 |a Lecture notes in computer science,  |x 0302-9743 ;  |v 3222 
504 |a Includes bibliographical references and index. 
500 |a Electronic resource. 
650 0 |a Parallel processing (Electronic computers)  |v Congresses. 
650 0 |a Computer network architectures  |v Congresses. 
650 6 |a Parallélisme (Informatique)  |v Congrès. 
650 6 |a Réseaux d'ordinateurs  |x Architectures  |v Congrès. 
650 7 |a Computer network architectures.  |2 fast  |0 (OCoLC)fst00872277 
650 7 |a Parallel processing (Electronic computers)  |2 fast  |0 (OCoLC)fst01052928 
650 7 |a Parallélisme (Informatique)  |2 rasuqam 
650 7 |a Réseau d'ordinateurs.  |2 rasuqam 
650 0 7 |a Computersicherheit.  |2 swd 
650 0 7 |a Datensicherung.  |2 swd 
650 0 7 |a Grid Computing.  |2 swd 
650 0 7 |a Parallelverarbeitung.  |2 swd 
650 0 7 |a Rechnernetz.  |2 swd 
650 0 7 |a Verteiltes System.  |2 swd 
650 0 7 |a World Wide Web.  |2 swd 
651 7 |a Wuhan (2004)  |2 swd 
655 7 |a Electronic books.  |2 local 
655 7 |a Conference proceedings.  |2 fast  |0 (OCoLC)fst01423772 
655 7 |a Kongress.  |2 swd 
700 1 |a Jin, Hai,  |d 1966- 
710 2 |a SpringerLink (Online service) 
710 2 |a International Federation for Information Processing. 
830 0 |a Lecture notes in computer science ;  |v 3222. 
856 4 0 |u http://proxy.library.tamu.edu/login?url=http://link.springer.com/10.1007/b100357  |z Connect to the full text of this electronic book  |t 0 
994 |a 92  |b TXA 
999 |a MARS 
999 f f |s 4f4a9c63-e50a-31c7-a4db-aebda504040e  |i 709181dd-8db4-3bfa-b6f3-c49738b82eff  |t 0 
952 f f |a Texas A&M University  |b College Station  |c Electronic Resources  |d Available Online  |t 0  |e QA76.58 .N73 2004eb  |h Library of Congress classification 
998 f f |a QA76.58 .N73 2004eb  |t 0  |l Available Online